000 00835nam a2200241 i 4500
001 bg
100 1 _aKROPIWNICKI, Jerzy
245 1 0 _aRegional profiles of Poland /
_cJerzy Kropiwnicki, Robert Szewczyk ; Polish Agency for Regional Development ; [transl. by Dorota Szmajda].
260 _aWarszawa :
_bPARR,
_c1998.
300 _a232 s. :
_bmapy, rys. ;
_c24 cm.
650 9 _aRegionalizacja gospodarcza
_xorganizacje
_zPolska
650 9 _aRegionalizacja gospodarcza
_zPolska
_yod 1989 r.
655 _aInformatory
700 1 _ap0 SZEWCZYK, Robert
710 0 _aPOLSKA AGENCJA ROZWOJU REGIONALNEGO (Warszawa)
020 _a8387174181
040 _cBPK
041 1 _aen
_hplpl
080 _a061.23:338.22](438)"1989/...":311.3(083.41)
920 _a83-87174-18-1
942 _cKS
008 s pl f |000 0 pol
999 _c25352
_d25352
856 _uhttp://koha.tu.koszalin.pl/cgi-bin/koha/opac-detail.pl?biblionumber=25352
_yKatalog online BPK